Obras completas de Miguel Antonio Caro / (Record no. 40454)

MARC details
000 -LEADER
campo de control de longitud fija 00826nam a2200205 i 4500
001 - NÚMERO DE CONTROL
campo de control 40454
003 - IDENTIFICADOR DE NÚMERO DE CONTROL
campo de control ES-MaACL
005 - FECHA Y HORA DE LA ÚLTIMA TRANSACCIÓN
campo de control 20251009173641.0
007 - CAMPO FIJO DE DESCRIPCIÓN FÍSICA--INFORMACIÓN GENERAL
campo de control de longitud fija t|
008 - DATOS DE LONGITUD FIJA--INFORMACIÓN GENERAL
campo de control de longitud fija 030306m19181920ck ||||1| spa d
100 1# - ENTRADA PRINCIPAL--NOMBRE DE PERSONA
Nombre de persona Caro, Miguel Antonio,
Fechas asociadas al nombre 1843-1909
9 (RLIN) 35400
245 10 - MENCIÓN DEL TÍTULO
Título Obras completas de Miguel Antonio Caro /
Mención de responsabilidad, etc. edición oficial hecha bajo la dirección de Víctor E. Caro y Antonio Gómez-Restrepo.
260 ## - PUBLICACIÓN, DISTRIBUCIÓN, ETC.
Lugar de publicación, distribución, etc. Bogotá :
Nombre del editor, distribuidor, etc. [s.n.,
Fecha de publicación, distribución, etc. 1918-1920] (
Fabricante Imprenta Nacional)
300 ## - DESCRIPCIÓN FÍSICA
Extensión 2 v. ;
Dimensiones 24 cm.
505 8# - NOTA DE CONTENIDO CON FORMATO
Nota de contenido con formato Contiene: t. 1. Flos poetarum ; El Cinco de Mayo, de Manzoni (XII, 439 p.) -- t. 2. Estudios literarios, primera serie (XXIII, 399 p.)
700 1# - ENTRADA AGREGADA--NOMBRE PERSONAL
Nombre de persona Caro, Víctor E.
9 (RLIN) 35402
700 1# - ENTRADA AGREGADA--NOMBRE PERSONAL
Nombre de persona Gómez Restrepo, Antonio,
Fechas asociadas al nombre 1869-1947
9 (RLIN) 58130
852 ## - LOCALIZACIÓN
Ubicación ES-MaACL
Número de control de estantería B-13537-38
Holdings
Estatus retirado Estado de pérdida Estado de daño No para préstamo Biblioteca de origen Biblioteca actual Ubicación en estantería Fecha de adquisición Fuente de adquisición Total de préstamos Signatura topográfica completa Código de barras Visto por última vez Precio de reemplazo Tipo de ítem Koha
        Biblioteca del Ateneo de Madrid Biblioteca del Ateneo de Madrid Sala Pardo Bazán 17/01/2008     B-13537-38 1042589 23/02/2023 23/02/2023 Libro impreso